LEADER 00902nam--2200313---450- 001 990006034410203316 005 20150505113917.0 035 $a000603441 035 $aUSA01000603441 035 $a(ALEPH)000603441USA01 035 $a000603441 100 $a20150505d1969----km-y0itay50------ba 101 $aita 102 $aIT 105 $a||||||||001yy 200 1 $aDe Sanctis politico e altri saggi$fGiuseppe Talamo 210 $aRoma$cEditrice De Santis$d1969 215 $a301 p.$d22 cm 600 1 $aDe Sanctis,$bFrancesco$xPolitica$2BNCF 676 $a945.090924 700 1$aTALAMO,$bGiuseppe$f<1925-2010>$0136209 801 0$aIT$bsalbc$gISBD 912 $a990006034410203316 951 $aXV.9.M. 577$b1873 MAR$cXV.9.M.$d375327 959 $aBK 969 $aMAR 979 $aIANNONE$b90$c20150505$lUSA01$h1139 996 $aDe Sanctis politico e altri saggi$9156146 997 $aUNISA LEADER 00989nam a2200265 i 4500 001 991002345669707536 005 20020508194642.0 008 010427s|||| it ||| | ita 020 $a8834808029 035 $ab10995407-39ule_inst 035 $aPARLA160862$9ExL 040 $aDip.to Filosofia$bita 082 0 $a340 100 1 $aScarpelli, Uberto$0122375 245 10$aCompendio di Filosofia del diritto /$cUberto Scarpelli, Claudio Luzzati 260 $aTorino :$bGiappichelli,$c2000 300 $a120 p. ;$c24 cm. 650 4$aFilosofia del diritto - Manuali 700 1 $aLuzzati, Claudio$eauthor$4http://id.loc.gov/vocabulary/relators/aut$0231508 907 $a.b10995407$b21-09-06$c28-06-02 912 $a991002345669707536 945 $aLE005 340 SCA01. 01$g1$i2005000106873$lle005$o-$pE0.00$q-$rl$s- $t0$u2$v0$w2$x0$y.i11110752$z28-06-02 996 $aCompendio di filosofia del diritto$9671378 997 $aUNISALENTO 998 $ale005$b01-01-01$cm$da $e-$fita$git $h0$i1